Investigation, remediation and protection of land resources (Record no. 1309102)

MARC details
000 -LEADER
fixed length control field 01023nam a2200217 4500
005 - DATE AND TIME OF LATEST TRANSACTION
control field 20250417123909.0
008 - FIXED-LENGTH DATA ELEMENTS--GENERAL INFORMATION
fixed length control field 250417b |||||||| |||| 00| 0 eng d
020 ## - INTERNATIONAL STANDARD BOOK NUMBER
International Standard Book Number 9781870325875
037 ## - SOURCE OF ACQUISITION
Terms of availability Textual
040 ## - CATALOGING SOURCE
Original cataloging agency RTL
Transcribing agency RTL
084 ## - COLON CLASSIFICATION NUMBER
Classification number U6734 P7
Assigning agency RTL
100 ## - MAIN ENTRY--PERSONAL NAME
Personal name Genske, Dieter D.
9 (RLIN) 752387
245 ## - TITLE STATEMENT
Title Investigation, remediation and protection of land resources
260 ## - PUBLICATION, DISTRIBUTION, ETC.
Place of publication, distribution, etc. Scotland
Name of publisher, distributor, etc. Whittles publishing
Date of publication, distribution, etc. 2007
300 ## - PHYSICAL DESCRIPTION
Extent viii, 292 p. ill.
Other physical details Includes bibliographical reference and index
520 ## - SUMMARY, ETC.
Summary, etc. Annotation Genske addresses the fundamental science and engineering of land degradation and rehabilitation from a multi-disciplinary perspective. With a firm basis in soil science and allied subjects, this book provides a readable introduction for anyone in the area of land remediation, whether as a professional or as a student.
650 ## - SUBJECT ADDED ENTRY--TOPICAL TERM
Topical term or geographic name entry element Environmental protection
9 (RLIN) 705539
650 ## - SUBJECT ADDED ENTRY--TOPICAL TERM
Topical term or geographic name entry element Soil protection
9 (RLIN) 752388
650 ## - SUBJECT ADDED ENTRY--TOPICAL TERM
Topical term or geographic name entry element Land degradation
9 (RLIN) 752389
942 ## - ADDED ENTRY ELEMENTS (KOHA)
Source of classification or shelving scheme Colon Classification (CC)
Suppress in OPAC No
Koha item type Textbook
Classification part U6734 P7
Holdings
Withdrawn status Lost status Source of classification or shelving scheme Damaged status Not for loan Home library Current library Date acquired Total Checkouts Full call number Barcode Date last seen Price effective from Koha item type
    Colon Classification (CC)     Ratan Tata Library Ratan Tata Library 2025-04-17   U6734 P7 RT1528314 2025-04-17 2025-04-17 Textbook
Copyright @ Delhi University Library System